00250nam a2200097Ia 4500008004100000100001800041245004700059260003000106300000800136650000800144191201s2009 xx 000 0 und d aSAHAY, Namita 0aManagement of Financial Services MBA SEM-4 aN. DelhibVikas Pubc2009 a303 aMBA